A Life-Course Perspective on Migration and Integration [electronic resource] / edited by Matthias Wingens, Michael Windzio, Helga de Valk, Can Aybek.
Record details
- ISBN: 9789400715455
- Physical Description: VI, 297p. 24 illus. digital.
- Publisher: Dordrecht : Springer Netherlands, 2011.
Search for related items by subject
| Subject: | Social sciences. Sociology. Migration. Social Sciences. Migration. Sociology. |
Electronic resources
| LDR | 01232nam a22003735i 4500 | ||
|---|---|---|---|
| 001 | 6489 | ||
| 003 | CONS | ||
| 005 | 20121026163336.0 | ||
| 007 | cr nn 008mamaa | ||
| 008 | 110713s2011 ne | s |||| 0|eng d | ||
| 020 | . | ‡a9789400715455 ‡9978-94-007-1545-5 | |
| 024 | 7 | . | ‡a10.1007/978-94-007-1545-5 ‡2doi |
| 035 | . | ‡a(DE-He213)978-94-007-1545-5 | |
| 050 | 4. | ‡aGN370 | |
| 050 | 4. | ‡aHB1951-2577 | |
| 072 | 7. | ‡aJFFN ‡2bicssc | |
| 072 | 7. | ‡aSOC007000 ‡2bisacsh | |
| 100 | 1 | . | ‡aWingens, Matthias. |
| 245 | 1 | 2. | ‡aA Life-Course Perspective on Migration and Integration ‡h[electronic resource] / ‡cedited by Matthias Wingens, Michael Windzio, Helga de Valk, Can Aybek. |
| 260 | . | ‡aDordrecht : ‡bSpringer Netherlands, ‡c2011. | |
| 300 | . | ‡aVI, 297p. 24 illus. ‡bdigital. | |
| 650 | 0. | ‡aSocial sciences. | |
| 650 | 0. | ‡aSociology. | |
| 650 | 0. | ‡aMigration. | |
| 650 | 1 | 4. | ‡aSocial Sciences. |
| 650 | 2 | 4. | ‡aMigration. |
| 650 | 2 | 4. | ‡aSociology. |
| 700 | 1 | . | ‡aWindzio, Michael. |
| 700 | 1 | . | ‡ade Valk, Helga. |
| 700 | 1 | . | ‡aAybek, Can. |
| 710 | 2 | . | ‡aSpringerLink (Online service) |
| 773 | 0 | . | ‡tSpringer eBooks |
| 776 | 0 | 8. | ‡iPrinted edition: ‡z9789400715448 |
| 856 | 4 | 0. | ‡uhttp://dx.doi.org/10.1007/978-94-007-1545-5 ‡9CONS |
| 950 | . | ‡aHumanities, Social Sciences and Law (Springer-11648) | |
| 901 | . | ‡a6489 ‡b ‡c6489 ‡tbiblio ‡sSystem Local | |